000 00686cam a2200217 a 4500
999 _c234803
_d234803
001 1843512
003 Nust
005 20170330183842.0
008 811207s1982 nyu 000 1 eng
010 _a 81019579
020 _a9780751542387 (pbk.) :
_c$6.95
040 _aDLC
_cDLC
_dDLC
_dOCoLC
050 0 0 _aPS3569.T33828
_bO6 1982
082 0 0 _a813.54
_bSTE
100 1 _aSteel, Danielle.
245 1 0 _aOnce in a lifetime /
_cDanielle Steel.
260 _aNew York, N.Y. :
_bDell Pub. Co.,
_c1982.
300 _a341 p. ;
_c21 cm.
655 7 _aLove stories.
_2gsafd
906 _a7
_bcbc
_corignew
_d1
_eocip
_f19
_gy-gencatlg
942 _2ddc
_cBK